Statystyki dla Państwa mówiące po portugalsku

Kliknij tutaj aby rozwiązać quiz!

Ogólne statystyki

  • Ten quiz został rozwiązany 11 729 razy
  • Średni wynik to 4 z 9

Statystyki odpowiedzi

KontynentPaństwo% Poprawnych
EuropaPortugalia
99%
Ameryka PołudniowaBrazylia
95%
AfrykaAngola
47%
AfrykaMozambik
39%
AfrykaRepublika Zielonego Przylądka
31%
AzjaTimor Wschodni
29%
AfrykaGwinea Równikowa
27%
AfrykaGwinea Bissau
26%
AfrykaWyspy Świętego Tomasza i Książeca
24%

Rozkład punktacji

Percentyl według liczby udzielonych odpowiedzi

Procent ludzi z każdym wynikiem

Twoja historia wyników

Nie rozwiązałeś tego quizu